000 01166cam a22003853a 4500
001 0000780
003 DO-SdBPM
005 20260309125745.0
007 ta
008 8611122009 mx a 000 0 spa d
010 _a
020 _a9786071101068
040 _aDO-SdBPM
_cspa
_dBPMSU
_d
_erda
082 0 4 _aA861.6
_bB736c 2009
_222
100 1 _aBornemann, Elsa
_d1952-
_eautor
_4aut.
245 1 0 _aCorazonadas :
_bel libro II de los chicos enamorados /
_cElsa Bornemann ; ilustraciones O´Kif
250 _a
260 _g
264 _aMéxico :
_bAlfaguara,
_c2009.
300 _a150 páginas :
_bilustraciones
_c20 cm.
336 _atexto
_btxt
_2rdacontent
337 _asin mediación
_bn
_2rdamedia
338 _avolumen
_bnc
_2rdacarrier
490 0 _aAlfaguara infantil
500 _aIncluye datos biográficos de la autora.
521 _aA partir de 10 años.
590 _aInventariado, 2026/VM
600 0 0 _a
_x
650 7 _aPoesía infantil argentina
650 7 _aPoesía amorosa
650 7 _aEnamorados
_vPoesías
700 1 _aO´Kif
_eilustración
910 _aVMateo V. Control de caldiad. BPMSU
942 _2ddc
_cBK
999 _c11790
_d11790